00375nam a2200109Ia 4500008004100000041000800041082001500049100002000064245013000084260003200214300001900246241028s9999 xx 000 0 und d aeng a332.64 LAR aLarcher Gerhard aThe Art Of Quantitative Finance Vol. 3: Risk, Optimal Portfolios, And Case Studies Risk, Optimal Portfolios, And Case Studies bSpringeraSwitzerlandc2023 a368;. P. 24 cm